The natural approach: language acquisition in the classroom

সংরক্ষণ করুন:
গ্রন্থ-পঞ্জীর বিবরন
প্রধান লেখক: Krashen, Stephen D (Author), Terrell, Tracy D (Author)
বিন্যাস: গ্রন্থ
ভাষা:ইংরেজি
প্রকাশিত: Nueva York Prentice Hall 1988
মালা:English Language Teaching
বিষয়গুলি:
ট্যাগগুলো: ট্যাগ যুক্ত করুন
কোনো ট্যাগ নেই, প্রথমজন হিসাবে ট্যাগ করুন!

MARC

LEADER 00000cam a2200000 a 4500
001 UCG9372
003 CL-VaPUC
008 120309e19880000US |||||||||||||||||eng|d
020 |a 0136099343 
082 0 4 |a 428  |b KRA  |2 21 
100 |a Krashen, Stephen D  |e author  |9 560902 
700 0 |a Terrell, Tracy D  |e author  |9 560903 
245 1 4 |a The natural approach: language acquisition in the classroom 
300 |a 191 p 
942 |c BK 
945 |d 20120309 00:00:00  |a dcastane 
260 |a Nueva York  |b Prentice Hall  |c 1988 
650 0 |a Inglés  |9 260023 
650 0 |a Enseñanza del inglés  |9 367340 
650 0 |a Educación lingüística  |9 306506 
650 7 |a TEXTOS PARA EXTRANJEROS  |2 CL-VaPUC  |9 560904 
583 |a last modification  |c 20120309 14:21:00  |k Rodrigo Vera 
490 0 |a English Language Teaching 
999 |c 346929  |d 346927 
952 |0 0  |1 0  |4 0  |6 428_000000000000000_KRA_1988  |7 0  |8 A  |9 447886  |a BIBEDU  |b BIBEDU  |d 2019-11-22  |i 4841719  |l 1  |o 428 KRA 1988  |p 4841719  |r 2022-08-29  |s 2022-08-26  |w 2019-11-22  |y BK  |k LIT